Score 0/30 Timer 04:00
0 Plays Today
Song Title Missing Word % Correct
Learn to _____Fly
90.3%
Monkey _____Wrench
90.2%
_____ Like TheseTimes
87.9%
_____ HeroMy
86.1%
_____ of YouBest
83.9%
All My _____Life
80.2%
Long Road to _____Ruin
80%
_____ LimoWhite
69%
_____ MeBig
67.7%
This Is a ____Call
66.3%
Stacked _____Actors
62.7%
I'll _____ AroundStick
60%
_____ BurningBridge
58.8%
Let It _____Die
58.2%
Hey, _____ Park!Johnny
58%
Song Title Missing Word % Correct
No Way _____Back
57.5%
Dear _____Rosemary
57.3%
February _____Stars
52.3%
_____/ReplaceErase
52%
_____ Things Have HappenedStranger
51.6%
Cheer Up, _____ (Your Make Up Is Running)Boys
51%
_____ YearNext
50.8%
Up in _____Arms
50.5%
Miss the _____Misery
50.1%
_____ BeenieWeenie
49.7%
_____ Day in the SunCold
49.4%
My Poor _____Brain
49.3%
_____ After YouWalking
49.1%
The Deepest _____ Are BlackBlues
47.6%
For All the _____Cows
47.2%

Today's Daily Dose

Remove Ads.
Support Sporcle.
Get the best of Sporcle when you Go Orange. This ad-free experience offers more features, more stats, and more fun while also helping to support Sporcle. Thank you for becoming a member.

You're not logged in!

Compare scores with friends on all Sporcle quizzes.
OR
Log In

Show Comments

Extras

Top Quizzes Today


Score Distribution

Your Account Isn't Verified!

In order to create a playlist on Sporcle, you need to verify the email address you used during registration. Go to your Sporcle Settings to finish the process.

Report this User

Report this user for behavior that violates our Community Guidelines.

Details: